| 000 | 00519nam a2200133Ia 4500 | ||
|---|---|---|---|
| 008 | 220216s9999 xx 000 0 und d | ||
| 100 | _aTazaki M | ||
| 245 | 0 | _aRubber-solvent interaction charracterization by inverse gas chromatography- Plybutadiene, poly-(acrylonitrile-co butadiene) and various solvents | |
| 260 | _bProceedings of the International Rubber Conference, Kobe, Japan, 1995; p196-199 | ||
| 650 | _aInverse gas chromatography | ||
| 650 | _aRubber-solvent interaction | ||
| 700 | _aHomma T | ||
| 942 | _cJS | ||
| 999 |
_c68310 _d68310 |
||